Paroles Jok'Air - Indépendante - Statistiques

Statistiques générales
  • Ce quiz a été pris 17 fois
  • Le résultat moyen est 393 sur 474
Statistiques - réponses
Réponse % Correct
à
100%
du
100%
Du
100%
Et
100%
me
100%
Pour
100%
pour
100%
que
100%
Que
100%
te
100%
tes
100%
T'es
100%
un
100%
voir
100%
au
92%
Au
92%
comme
92%
de
92%
en
92%
es
92%
jour
92%
la
92%
92%
le
92%
les
92%
lundi
92%
lundi,
92%
ma
92%
Mais
92%
mais
92%
moi
92%
mon
92%
on
92%
sais
92%
semaine
92%
seuls
92%
Tu
92%
tu
92%
une
92%
vendredi
92%
avec
85%
chaque
85%
d'la
85%
dur,
85%
dur
85%
femme
85%
je
85%
Je
85%
libres
85%
mes
85%
nuit
85%
temps
85%
toi
85%
toute
85%
travaille
85%
travailles
85%
va
85%
vie
85%
as
77%
c'est
77%
C'est
77%
découvert
77%
dents
77%
garçon,
77%
indépendante
77%
mauvais
77%
midi
77%
mois
77%
moment
77%
princesse
77%
qu'pour
77%
serres
77%
soit
77%
soleil
77%
sont,
77%
ta
77%
ton
77%
Viens
77%
week-end
77%
aides
69%
besoin
69%
chantant
69%
d'argent
69%
Di'
69%
emploi
69%
fin
69%
fonction
69%
J'illuminerai
69%
J'veux
69%
merde
69%
monnaie
69%
n'es
69%
nuits,
69%
parents
69%
pas
69%
patron
69%
Quand
69%
rien
69%
sois
69%
s'rai
69%
éternel
62%
J'fais
62%
Lady
62%
manques
62%
même
62%
seras
62%
si
62%
taff'
62%
traite
62%
turn
62%
banque
54%
bas
54%
bâtiment
54%
billets
54%
demandes
54%
Dieu
54%
illumineras
54%
J'traîne
54%
l'week-end
54%
plan
54%
qu'chaque
54%
up
54%
vis
54%
Bébé
46%
j'ai
46%
l'bon
46%
mens
46%
m'punisse
46%
nous
46%
plus
46%
traquer
46%
J'bosse
38%
j'passe
38%
j's'rai
38%
Maintenant
31%
J'illumineras
0%
Aucun quiz correspondant
Distribution des résultats
% des personnes avec chaque résultat
Percentile par nombre de réponses
Votre historique - résultats
Vous n’avez pas pris ce quiz